000 00921nam a2200325 a 4500
003 AR-BaBNM
005 20251128202817.0
008 082120s2002 ||||||||||||||000 | spa||
020 _a950-006-001-9
040 _cAR-BaBNM
100 1 _aVignaux, Georges
245 0 0 _aLa argumentación
_bensayo de lógica discursiva
250 _a1ª ed.
260 _aBuenos Aires
_bHachette
_c1976
300 _a314 p.
_bil., gráfs.
490 0 _aHachette universidad. Lengua-lingüistica-comunocación
500 _aIndice de autores p. 313-314
650 4 _aLOGICA
650 4 _aDISCURSOS
650 4 _aPROCESOS MENTALES SUPERIORES
650 4 _aRAZONAMIENTO
650 4 _aSINTAXIS
650 4 _aSEMANTICA
700 1 _aGrize, Jean-Blaise
_eprologuista
700 1 _aHidalgo, Cecilia
_etraductor
700 1 _aTraversa, Oscar
_etraductor
800 1 _aArnoux, Elvira
_edirector
942 _cBK
998 _cCarmen
999 _c691
_d691